LDR 00547naa#a2200193#i#450# 001 EN\\bibl\113334 005 20260604013826.4 011 ## _a0536-101X 100 ## _a20250829b2025####ek#y0engy0150####ca 101 0# _aRUS 102 ## _aRU 200 1# _aThe concept of spatio-temporal phenomena _eJournal article 210 1# _aMoscow _cMIIGAiK _d2025 215 ## _a12 с. 608 ## _aJournal article _2local 700 #1 _aBelysheva _gYulia Vladimirovna 700 #1 _aGvozdev _gOleg Gennad'evich 700 #1 _aMaterukhin _gAndrey Viktorovich 856 4# _amiigaik.editorum.ru _u